000 00583cam a2200193 4500
001 L160052
008 040913n2017 000 0 eng u
035 _a(Sirsi) u160052
041 _aeng
110 2 _aRoyal Institution of Chartered Surveyors
_94900
245 0 0 _aYour profession at 150
_h[electronic resource]
260 _aLondon
_bRICS
_c2017
300 _a14p.
520 _aMarks the 150th anniversary of RICS, recounting past successes and offering insight into the future.
650 2 4 _aABOUT RICS
650 2 4 _aANNIVERSARY
651 4 _aInternational
942 _n0
999 _c116182
_d116182